000 00451nam a2200157 i 4500
001 81599
003 ES-MaACL
005 20230906174454.0
007 t|
008 041105s1972 sp ||||1| spa d
100 1 _aHubert, Denise.
_964491
245 1 4 _a¡Los ponzoñosos! /
_cDenise Hubert ; versión, Laura García Corella.
260 _aBilbao :
_bFHER,
_c[1972]
700 1 _aGarcía Corella, Laura.
_954384
852 _aES-MaACL
_jC-48626
_bR.83869
999 _c81599
_d81599